MARC

LEADER 00000naa2a2200000 4500
001 626961
005 20231101133434.0
035 |a (RuTPU)RU\TPU\conf\26640 
035 |a RU\TPU\conf\26633 
090 |a 626961 
100 |a 20180809d2018 k y0rusy50 ca 
101 0 |a rus 
102 |a RU 
105 |a y z 101zy 
135 |a drcn ---uucaa 
181 0 |a i  
182 0 |a b 
200 1 |a Моделирование процесса низкотемпературной сепарации  |f А. А. Бунаев  |g науч. рук. И. М. Долганов 
203 |a Текст  |c электронный 
225 1 |a Технология и моделирование процессов подготовки и переработки углеводородного сырья 
230 |a 1 компьютерный файл (pdf; 887 Kb) 
300 |a Заглавие с экрана 
320 |a [Библиогр.: с. 356 (4 назв.)] 
463 0 |0 (RuTPU)RU\TPU\conf\26227  |t Химия и химическая технология в XXI веке  |o материалы XIX Международной научно-практической конференции студентов и молодых ученых имени профессора Л. П. Кулёва, 21-24 мая 2018 г., г. Томск  |f Национальный исследовательский Томский политехнический университет  |v [С. 355-356]  |d 2018 
610 1 |a электронный ресурс 
610 1 |a труды учёных ТПУ 
610 1 |a моделирование процесса 
610 1 |a низкотемпературная сепарация 
610 1 |a природные газы 
610 1 |a жидкие углеводороды 
610 1 |a конденсация 
610 1 |a низкие температуры 
700 1 |a Бунаев  |b А. А. 
702 1 |a Долганов  |b И. М.  |c химик-технолог  |c инженер Томского политехнического университета  |f 1987-  |g Игорь Михайлович  |2 stltpush  |4 727 
712 0 2 |a Национальный исследовательский Томский политехнический университет  |b Инженерная школа природных ресурсов  |b Отделение химической инженерии  |h 8085  |2 stltpush  |3 (RuTPU)RU\TPU\col\23513 
801 2 |a RU  |b 63413507  |c 20180821  |g RCR 
856 4 |u http://earchive.tpu.ru/handle/11683/49809 
942 |c BK